[Event " "]
[Site "Lyon Olympique Echecs"]
[Date "18.??.??"]
[Round "9.8"]
[White "Macarry, Elodie"]
[Black "Richard, Emma"]
[Result "0-1"]
[WhiteElo "1897"]
[BlackElo "1999"]
[PlyCount "82"]
[EventDate "18.??.??"]
[WhiteTeam "Hyères"]

1. e4 c5 2. Nc3 Nc6 3. f4 e6 4. Nf3 a6 5. a4 d5 6. g3 Nf6 7. e5 Nd7 8. Bg2 Be7
9. d3 O-O 10. O-O Rb8 11. Qe2 b5 12. axb5 axb5 13. Kh1 b4 14. Nd1 Nb6 15. Ne3
d4 16. Ng4 Nd5 17. Nd2 Na5 18. Nb3 Nxb3 19. cxb3 f5 20. exf6 Bxf6 21. Qc2 Qd6
22. Nf2 Be7 23. Ne4 Qc6 24. Bd2 Bb7 25. Rfc1 Rfc8 26. Kg1 Qb6 27. Bh3 Nf6 28.
Nxf6+ Bxf6 29. Re1 Re8 30. Re2 e5 31. Rae1 e4 32. dxe4 d3 33. Qc4+ Kh8 34. Rf2
Bd4 35. Be3 Rxe4 36. Qc1 Rbe8 37. Rf3 Rxe3 38. Rfxe3 Qc6 39. g4 Qh1+ 40. Kf2
Qf3+ 41. Kg1 Bxe3+ 0-1

[Event " "]
[Site "Lyon Olympique Echecs"]
[Date "18.??.??"]
[Round "9.2"]
[White "Rahal, Michael A"]
[Black "Benitah, Yohan"]
[Result "1/2-1/2"]
[WhiteElo "2390"]
[BlackElo "2423"]
[PlyCount "26"]
[EventDate "18.??.??"]
[WhiteTeam "Avignon"]

1. e4 c5 2. Nf3 d6 3. d4 cxd4 4. Nxd4 Nf6 5. f3 a6 6. c4 e6 7. Nc3 Be7 8. Be3
O-O 9. Be2 Qc7 10. Rc1 Nc6 11. O-O Nxd4 12. Qxd4 Nd7 13. Qd2 b6 1/2-1/2

[Event " "]
[Site "Lyon Olympique Echecs"]
[Date "18.??.??"]
[Round "9.3"]
[White "Vernay, Clovis"]
[Black "Meynard, Thibault"]
[Result "1-0"]
[WhiteElo "2341"]
[BlackElo "2267"]
[PlyCount "131"]
[EventDate "18.??.??"]
[WhiteTeam "Lyon Olympique Echecs"]
[BlackTeam "Avignon"]

1. d4 d5 2. c4 c6 3. Nf3 Nf6 4. e3 e6 5. Nbd2 Nbd7 6. Bd3 dxc4 7. Nxc4 b5 8.
Nce5 Nxe5 9. Nxe5 Bb7 10. Bd2 a6 11. b4 Bd6 12. f4 Nd5 13. a3 Qh4+ 14. g3 Qh3
15. Bf1 Qf5 16. Bg2 Bxe5 17. e4 Qg6 18. dxe5 Ne7 19. Be3 Rd8 20. Qe2 h5 21. Bc5
h4 22. Kf2 f6 23. Rad1 Rxd1 24. Qxd1 hxg3+ 25. hxg3 Rxh1 26. Bxh1 Nc8 27. Bf3
Qf7 28. exf6 Qxf6 29. e5 Qh6 30. Kg2 Qh7 31. Bh5+ g6 32. Bg4 Qd7 33. Qc2 Kf7
34. Bf3 Ne7 35. Be4 Kg7 36. Kh2 Nf5 37. g4 Ne7 38. Kg3 Ba8 39. Qh2 Ng8 40. Qh4
Qd2 41. Bf3 Qe1+ 42. Bf2 Qd2 43. Be4 Qe2 44. Bf3 Qd3 45. Kg2 Qd2 46. Qg5 Qd3
47. Bc5 Qd2+ 48. Kg3 Qd3 49. f5 exf5 50. gxf5 Qxf5 51. Qxf5 gxf5 52. Bh5 Bb7
53. Kf4 Bc8 54. Be8 Nh6 55. Bxc6 Nf7 56. Be7 Kh7 57. Bd5 Nh8 58. Bd6 Ng6+ 59.
Kg5 Kg7 60. e6 f4 61. e7 Bd7 62. Bc5 Be8 63. Bd4+ Kh7 64. Bf6 Bd7 65. Bf7 Nh8
66. Bh5 1-0

[Event " "]
[Site "Lyon Olympique Echecs"]
[Date "18.??.??"]
[Round "9.4"]
[White "Pieroni, Guillaume"]
[Black "Ravot, Sylvain"]
[Result "1-0"]
[WhiteElo "2191"]
[BlackElo "2218"]
[PlyCount "163"]
[EventDate "18.??.??"]
[WhiteTeam "Avignon"]

1. e4 c5 2. Ne2 e6 3. Nbc3 a6 4. g3 b5 5. Bg2 Bb7 6. O-O b4 7. Nb1 Nf6 8. d3 d5
9. e5 Nfd7 10. f4 Be7 11. Nd2 O-O 12. Nf3 Nc6 13. Be3 d4 14. Bf2 f6 15. exf6
Nxf6 16. Ng5 Qd7 17. Nc1 Nd5 18. Ne4 Nd8 19. Nb3 Qc7 20. Qh5 Nf6 21. Nxf6+ Rxf6
22. Rae1 Bxg2 23. Kxg2 Qc6+ 24. Qf3 Qxf3+ 25. Kxf3 Nc6 26. Kg2 Raf8 27. Nd2 Rg6
28. Bg1 Rf5 29. Re4 Bd6 30. Nf3 Rgf6 31. Rfe1 h6 32. Rxe6 Kf7 33. Re8 g5 34.
fxg5 hxg5 35. Nd2 Ne5 36. Ra8 Be7 37. h3 g4 38. hxg4 Nxg4 39. Ra7 Re5 40. Ne4
Rc6 41. Kh3 Nf6 42. Nd6+ Ke6 43. Rxe5+ Kxe5 44. Nf7+ Ke6 45. Ng5+ Kf5 46. Nf3
Nd5 47. Rd7 Rh6+ 48. Kg2 Ke6 49. Ra7 Kf5 50. Nd2 Rc6 51. Kf3 Ke5 52. Nc4+ Ke6
53. Ra8 Bd6 54. Re8+ Kd7 55. Rg8 Bc7 56. Rg7+ Ne7 57. Bf2 Rf6+ 58. Kg2 Re6 59.
Kf1 Kc6 60. Nd2 Be5 61. Rg5 Bd6 62. Ne4 Nd5 63. g4 Nb6 64. Rh5 Rg6 65. g5 Bf4
66. Kg2 Nd5 67. Kf3 Bc1 68. Kg4 Kb5 69. b3 a5 70. Rh8 Nc3 71. Nxc3+ bxc3 72.
Bh4 Bxg5 73. Bxg5 Re6 74. a4+ Kb4 75. Bc1 Rb6 76. Kf4 c4 77. bxc4 Re6 78. Rb8+
Kxa4 79. Kf3 Re2 80. Rb4+ Kxb4 81. Kxe2 a4 82. Kd1 1-0

[Event " "]
[Site "Lyon Olympique Echecs"]
[Date "18.??.??"]
[Round "9.5"]
[White "Safranska, Anda"]
[Black "Gregoire, Sylvain"]
[Result "1-0"]
[WhiteElo "2303"]
[BlackElo "2270"]
[PlyCount "91"]
[EventDate "18.??.??"]
[WhiteTeam "Lyon Olympique Echecs"]
[BlackTeam "Avignon"]

1. e4 c5 2. Nf3 Nc6 3. Bb5 g6 4. O-O Bg7 5. Re1 Nf6 6. e5 Nd5 7. Nc3 Nc7 8. Bc4
O-O 9. d3 Ne6 10. h3 Rb8 11. a4 a6 12. Bxe6 dxe6 13. Bf4 Qc7 14. Qd2 Rd8 15. h4
Nd4 16. Nxd4 cxd4 17. Nd1 b5 18. axb5 Rxb5 19. Qe2 Bb7 20. c4 Rb3 21. Qc2 Rb4
22. f3 a5 23. Re2 Bc6 24. Nf2 a4 25. Rae1 Rdb8 26. Bc1 Rb3 27. Qd2 Qb6 28. h5
Qc5 29. hxg6 hxg6 30. Qg5 Be8 31. Qh4 Qa5 32. Qxd4 Rd8 33. Qh4 Qc5 34. Kh1 Bc6
35. Be3 Qb4 36. Bd4 Qb7 37. Kg1 Qd7 38. Bc5 Rdb8 39. Bxe7 Rxb2 40. Rxb2 Rxb2
41. Ng4 Qxd3 42. Nf6+ Bxf6 43. Bxf6 Rxg2+ 44. Kh1 Rh2+ 45. Kxh2 Qd2+ 46. Kg1
1-0

[Event " "]
[Site "Lyon Olympique Echecs"]
[Date "18.??.??"]
[Round "9.6"]
[White "Duquesnoy, Jean-Philippe"]
[Black "Lacour, Serge"]
[Result "1/2-1/2"]
[WhiteElo "2253"]
[BlackElo "2171"]
[PlyCount "85"]
[EventDate "18.??.??"]
[WhiteTeam "Avignon"]

1. d4 Nf6 2. Bg5 d5 3. e3 e6 4. Bd3 c5 5. c3 Nbd7 6. f4 Qb6 7. Qc1 h6 8. Bh4
Bd6 9. Nf3 Qc7 10. O-O cxd4 11. cxd4 Qxc1 12. Rxc1 Ng4 13. Re1 g5 14. h3 gxh4
15. hxg4 Nf6 16. Nxh4 Rg8 17. Nc3 Bd7 18. Rac1 Ke7 19. Nf3 Nxg4 20. Ne5 f5 21.
Nxg4 Rxg4 22. Be2 Rg7 23. Kf2 Rag8 24. Bf3 b5 25. Rh1 Rg6 26. Nb1 b4 27. Nd2
Bb5 28. Nb3 Bd3 29. Rh2 Be4 30. Rc6 h5 31. Ra6 h4 32. Rxa7+ Kf6 33. Nd2 Rc8 34.
Bh5 Rg7 35. Rxg7 Kxg7 36. Bd1 Rc1 37. Nxe4 fxe4 38. Bb3 Be7 39. g3 hxg3+ 40.
Kxg3 Re1 41. Kf2 Rb1 42. Kg3 Re1 43. Kf2 1/2-1/2

[Event " "]
[Site "Lyon Olympique Echecs"]
[Date "18.??.??"]
[Round "9.7"]
[White "Debray, Tristan"]
[Black "Gervasio, Ricardo"]
[Result "0-1"]
[WhiteElo "2151"]
[BlackElo "2288"]
[PlyCount "112"]
[EventDate "18.??.??"]
[WhiteTeam "Lyon Olympique Echecs"]
[BlackTeam "Avignon"]

1. e4 Nf6 2. e5 Nd5 3. d4 d6 4. c4 Nb6 5. exd6 exd6 6. Nc3 Nc6 7. Be3 Bf5 8. b3
Be7 9. Bd3 Qd7 10. Nge2 O-O 11. O-O Rfe8 12. Ng3 Bxd3 13. Qxd3 Bf8 14. f4 Nb4
15. Qd2 f5 16. Rae1 g6 17. Nb5 N4d5 18. a4 Nxe3 19. Rxe3 Rxe3 20. Qxe3 c6 21.
Nc3 Re8 22. Qd2 Bg7 23. a5 Na8 24. Nge2 Nc7 25. Rf3 Qe7 26. g3 d5 27. c5 Nb5
28. Kf2 Nxc3 29. Nxc3 Qf6 30. Rd3 a6 31. Ne2 Re4 32. Qb4 Qe7 33. Qd2 Bf6 34.
Re3 Kf7 35. Rxe4 fxe4 36. Ke3 Qc7 37. Ng1 Bd8 38. b4 Qd7 39. Qf2 Bf6 40. Ne2
Qf5 41. Qg2 g5 42. Qf2 h5 43. Qg2 h4 44. fxg5 Bxg5+ 45. Nf4 Qg4 46. Qe2 Qxe2+
47. Kxe2 hxg3 48. hxg3 Bxf4 49. gxf4 Kf6 50. Kf2 Kf5 51. Kg3 e3 52. Kf3 e2 53.
Kxe2 Kxf4 54. Kd3 Kf3 55. Kd2 Ke4 56. Kc3 Ke3 0-1

[Event " "]
[Site "Lyon Olympique Echecs"]
[Date "18.??.??"]
[Round "9.8"]
[White "Bomba, Melody"]
[Black "Soubrier, Aude"]
[Result "1/2-1/2"]
[WhiteElo "1790"]
[BlackElo "1962"]
[PlyCount "88"]
[EventDate "18.??.??"]
[WhiteTeam "Avignon"]

1. d4 Nf6 2. c3 d5 3. Nf3 c5 4. Bf4 Qb6 5. Qc2 Nc6 6. e3 Bf5 7. dxc5 Bxc2 8.
cxb6 axb6 9. Na3 Bg6 10. Nb5 Rc8 11. Bc7 Nd7 12. O-O-O e6 13. Nh4 Bh5 14. Rd2
Be7 15. Nd6+ Bxd6 16. Bxd6 Nce5 17. Bb5 Nc4 18. Bxc4 Rxc4 19. Rd4 Nc5 20. Bxc5
bxc5 21. Rxc4 dxc4 22. Nf3 f6 23. Rg1 Kf7 24. g4 Bg6 25. g5 Rd8 26. gxf6 gxf6
27. Nd2 Ra8 28. Nxc4 Rxa2 29. Rg3 Ke7 30. h4 Ra1+ 31. Kd2 Rh1 32. Rg4 Rh2 33.
Ke1 f5 34. Rf4 Kf6 35. Nb6 Rh1+ 36. Kd2 Rb1 37. Kc2 Rf1 38. Nd7+ Ke7 39. Nxc5
e5 40. Rf3 f4+ 41. Kb3 Bh5 42. Rh3 Rxf2 43. Nd3 Rf3 44. Rxf3 Bxf3 1/2-1/2

[Event " "]
[Site "Reims"]
[Date "18.??.??"]
[Round "9.1"]
[White "Bakalarz, Mieczyslaw"]
[Black "Laval, Brice"]
[Result "1/2-1/2"]
[WhiteElo "2378"]
[BlackElo "2186"]
[PlyCount "68"]
[EventDate "18.??.??"]
[WhiteTeam "Epinal"]
[BlackTeam "Reims Echecs Mat"]

1. d4 g6 2. e4 Bg7 3. Nc3 d6 4. Bc4 Nf6 5. Nf3 O-O 6. e5 dxe5 7. Nxe5 Nfd7 8.
Nxd7 Nxd7 9. Be3 Nf6 10. h3 c6 11. a4 b6 12. O-O Bb7 13. Qd2 a6 14. Rfd1 b5 15.
Bd3 Qc7 16. Bf4 Qd7 17. Be5 Rfd8 18. Qe2 Qe6 19. Ne4 Nxe4 20. Bxg7 Nxf2 21.
Qxe6 fxe6 22. Kxf2 Kxg7 23. Be4 Rd7 24. Bf3 Rc8 25. c3 c5 26. axb5 Bxf3 27.
Kxf3 axb5 28. dxc5 Rxd1 29. Rxd1 Rxc5 30. Rd7 Kf6 31. Rb7 h5 32. h4 g5 33.
hxg5+ Rxg5 34. g3 Rd5 1/2-1/2

[Event " "]
[Site "Reims"]
[Date "18.??.??"]
[Round "9.2"]
[White "Minet, Steve"]
[Black "Jadoul, Michel"]
[Result "1-0"]
[WhiteElo "2175"]
[BlackElo "2329"]
[PlyCount "57"]
[EventDate "18.??.??"]
[WhiteTeam "Reims Echecs Mat"]

1. e4 b6 2. d4 Bb7 3. Bd3 e6 4. Nf3 c5 5. c3 cxd4 6. cxd4 Bb4+ 7. Bd2 Bxd2+ 8.
Qxd2 Ne7 9. Nc3 O-O 10. O-O-O Nbc6 11. e5 f5 12. exf6 gxf6 13. Qh6 Rf7 14. d5
Nxd5 15. Nxd5 exd5 16. Kb1 Qf8 17. Qh5 Qc5 18. Nh4 Ne7 19. Qg4+ Kh8 20. Qxd7
Raf8 21. Qxb7 Nf5 22. Qxf7 Rxf7 23. Nxf5 Qxf2 24. Rhe1 Rf8 25. Re7 Qxg2 26. Nh6
f5 27. Bxf5 Qg7 28. Rxg7 Kxg7 29. Bxh7 1-0

[Event " "]
[Site "Reims"]
[Date "18.??.??"]
[Round "9.3"]
[White "Bastian, Herbert"]
[Black "Desanlis, Anne-Sophie"]
[Result "1/2-1/2"]
[WhiteElo "2411"]
[BlackElo "1920"]
[PlyCount "61"]
[EventDate "18.??.??"]
[WhiteTeam "Epinal"]
[BlackTeam "Reims Echecs Mat"]

1. e4 c5 2. Nc3 Nc6 3. g3 g6 4. Bg2 Bg7 5. d3 e5 6. Nh3 Nge7 7. O-O d6 8. f4 f5
9. exf5 Bxf5 10. fxe5 Nxe5 11. Nf4 Qd7 12. Ncd5 Nxd5 13. Bxd5 O-O-O 14. Bg2 Bg4
15. Qe1 g5 16. Nd5 Rhe8 17. Qa5 Nc6 18. Qa4 Bd4+ 19. Kh1 Bh3 20. Nc3 Bxg2+ 21.
Kxg2 Bxc3 22. bxc3 Re2+ 23. Rf2 Rxf2+ 24. Kxf2 Qf5+ 25. Kg1 Re8 26. Bd2 Re2 27.
Rf1 Qh3 28. Rf8+ Kc7 29. Rf7+ Kc8 30. Rf8+ Kc7 31. Rf7+ 1/2-1/2

[Event " "]
[Site "Reims"]
[Date "18.??.??"]
[Round "9.4"]
[White "Li, David"]
[Black "Adrian, Claude"]
[Result "0-1"]
[WhiteElo "1810"]
[BlackElo "2297"]
[PlyCount "36"]
[EventDate "18.??.??"]
[WhiteTeam "Reims Echecs Mat"]

1. e4 e6 2. d4 d5 3. exd5 exd5 4. c4 Nf6 5. Nc3 Bb4 6. Nf3 O-O 7. Be2 dxc4 8.
Bxc4 Re8+ 9. Be2 Qe7 10. Bg5 Bg4 11. Bxf6 Qxf6 12. Qd3 Nc6 13. Rd1 Rad8 14. Rd2
Bxf3 15. gxf3 Rxd4 16. Qc2 Rxd2 17. Qxd2 Nd4 18. Rg1 Kh8 0-1

[Event " "]
[Site "Reims"]
[Date "18.??.??"]
[Round "9.5"]
[White "Cordier, Arnaud"]
[Black "Barat, Jacques"]
[Result "1/2-1/2"]
[WhiteElo "2151"]
[BlackElo "1740"]
[PlyCount "70"]
[EventDate "18.??.??"]
[WhiteTeam "Epinal"]
[BlackTeam "Reims Echecs Mat"]

1. e4 c5 2. Nf3 Nc6 3. d4 cxd4 4. Nxd4 Nf6 5. Nc3 a6 6. Nxc6 bxc6 7. e5 Ng8 8.
Bc4 e6 9. Bf4 Bc5 10. Ne4 Be7 11. Nd6+ Bxd6 12. Qxd6 Qe7 13. O-O-O Qxd6 14.
Rxd6 Ne7 15. Bb3 Nf5 16. Rd2 h6 17. Rhd1 g5 18. Bg3 Rb8 19. Ba4 Ke7 20. a3 Rb6
21. c4 h5 22. h3 Nxg3 23. fxg3 Rf8 24. Rf1 f5 25. exf6+ Rxf6 26. Rxf6 Kxf6 27.
c5 Rb7 28. Kc2 a5 29. Kc3 Ke5 30. Bd1 h4 31. gxh4 gxh4 32. Rd4 Rxb2 33. Rxh4
Rxg2 34. Bb3 Rg3+ 35. Kd2 Rg2+ 1/2-1/2

[Event " "]
[Site "Reims"]
[Date "18.??.??"]
[Round "9.6"]
[White "Holgado, Sebastien"]
[Black "Grenouilloux, Alain"]
[Result "0-1"]
[WhiteElo "1510"]
[BlackElo "2090"]
[PlyCount "96"]
[EventDate "18.??.??"]
[WhiteTeam "Reims Echecs Mat"]

1. e4 d6 2. d4 Nf6 3. Nc3 g6 4. Be3 c6 5. h3 Qa5 6. Qd2 e5 7. d5 cxd5 8. Nxd5
Qxd2+ 9. Bxd2 Nxd5 10. exd5 Nd7 11. c4 Bg7 12. Bc3 Nc5 13. b3 O-O 14. Ne2 Nd3+
15. Kd2 Nxf2 16. Rh2 Ne4+ 17. Kc2 Bf5 18. g4 Bd7 19. Bb4 Rac8 20. Rg2 f5 21.
Ng3 Nxg3 22. Rxg3 e4 23. Re1 Be5 24. Rg1 Kh8 25. Be2 f4 26. Bd1 e3 27. Bf3 b5
28. Kd3 Rb8 29. Bc3 Bxc3 30. Kxc3 Rbc8 31. Kd4 Rc5 32. Rc1 Rfc8 33. Rg2 bxc4
34. bxc4 Bb5 35. Rgc2 Kg7 36. Rc3 Ba6 37. g5 Ra5 38. R1c2 Ra4 39. Bg4 Rc7 40.
Be2 Bc8 41. h4 Bf5 42. Rb2 Re7 43. Bf3 Bh3 44. a3 Bf1 45. Rc1 e2 46. Re1 Rxa3
47. Bxe2 Bg2 48. Bd3 Rxe1 0-1

[Event " "]
[Site "Reims"]
[Date "18.??.??"]
[Round "9.7"]
[White "Baujard, Anne"]
[Black "Lesueur, Christophe"]
[Result "1-0"]
[WhiteElo "1932"]
[BlackElo "1410"]
[PlyCount "43"]
[EventDate "18.??.??"]
[WhiteTeam "Epinal"]
[BlackTeam "Reims Echecs Mat"]

1. c4 e5 2. g3 Nf6 3. Bg2 Nc6 4. Nc3 Bb4 5. Nd5 b6 6. Nxb4 Nxb4 7. Bxa8 c6 8.
Qa4 Na6 9. Nf3 Qc7 10. d4 exd4 11. Bf4 Nc5 12. Qa3 d6 13. Nxd4 Bd7 14. Qe3+ Ne6
15. Nf5 Qd8 16. Nxd6+ Kf8 17. Bb7 Nxf4 18. Qxf4 Qe7 19. Bc8 Bxc8 20. Nxc8 Qb4+
21. Qd2 Qxd2+ 22. Kxd2 1-0

[Event " "]
[Site "Reims"]
[Date "18.??.??"]
[Round "9.8"]
[White "Rodier, Patrick"]
[Black "Vincent, Bernard"]
[Result "0-1"]
[WhiteElo "1350"]
[BlackElo "1914"]
[PlyCount "60"]
[EventDate "18.??.??"]
[WhiteTeam "Reims Echecs Mat"]

1. e4 e6 2. d4 d5 3. e5 c5 4. c3 Qb6 5. Nf3 Bd7 6. Be2 Nc6 7. O-O Rc8 8. Be3
cxd4 9. cxd4 Qxb2 10. Nbd2 Na5 11. Qb1 Ba3 12. Nb3 Nc4 13. Bxc4 dxc4 14. Nc5
Qxb1 15. Raxb1 Bxc5 16. dxc5 Bc6 17. Nd4 Ne7 18. Rfe1 Nd5 19. Nxc6 bxc6 20. Rb7
Ra8 21. f4 O-O 22. Bd2 c3 23. Bc1 Rfd8 24. f5 exf5 25. e6 fxe6 26. Rxe6 Re8 27.
Rxc6 Re1+ 28. Kf2 Rxc1 29. Rd6 Nf6 30. c6 Ne4+ 0-1

[Event " "]
[Site "Reims"]
[Date "18.??.??"]
[Round "9.1"]
[White "Chernuschevich, Alexei"]
[Black "Fedorchuk, Sergey A"]
[Result "1/2-1/2"]
[WhiteElo "2515"]
[BlackElo "2601"]
[PlyCount "25"]
[EventDate "18.??.??"]
[WhiteTeam "Besançon T.P.G."]
[BlackTeam "Vincennes"]

1. d4 Nf6 2. c4 e6 3. Nf3 b6 4. e3 Bb7 5. Bd3 c5 6. O-O Be7 7. Nc3 cxd4 8. exd4
d5 9. cxd5 Nxd5 10. Nxd5 Bxd5 11. Ne5 O-O 12. Qh5 f5 13. Qe2 1/2-1/2

[Event " "]
[Site "Reims"]
[Date "18.??.??"]
[Round "9.2"]
[White "Velikov, Petar"]
[Black "Crut, Aurelien"]
[Result "1-0"]
[WhiteElo "2457"]
[BlackElo "2369"]
[PlyCount "99"]
[EventDate "18.??.??"]
[WhiteTeam "Vincennes"]

1. Nf3 d5 2. g3 Bg4 3. Bg2 Nd7 4. c4 e6 5. cxd5 exd5 6. Nc3 c6 7. O-O Ngf6 8.
Qc2 Bd6 9. Nd4 O-O 10. h3 Bh5 11. d3 Bc5 12. Nb3 Bb6 13. Na4 Bc7 14. e4 dxe4
15. dxe4 Ne5 16. f4 Qd3 17. Qxd3 Nxd3 18. g4 b5 19. Nc3 Bb6+ 20. Kh2 Bxg4 21.
hxg4 Nxg4+ 22. Kg3 h5 23. e5 Rad8 24. Bxc6 Bf2+ 25. Rxf2 Ndxf2 26. Bxb5 Nd3 27.
Ne4 Nb4 28. Bd2 Nc2 29. Rh1 g6 30. Ba5 Rb8 31. Nd6 Nce3 32. Bd7 Kg7 33. Kf3 a6
34. Rc1 Nd5 35. Bxg4 hxg4+ 36. Kxg4 Rh8 37. Rc8 Ne3+ 38. Kg3 Rh1 39. Kf3 Rh3+
40. Ke4 Nd1 41. Rc7 Kg8 42. Nxf7 Nf2+ 43. Kd4 Rd3+ 44. Kc4 Rf3 45. e6 Rxf4+ 46.
Nd4 Ng4 47. Bc3 Re8 48. Kd5 Rf2 49. Kc6 Rf1 50. Nd6 1-0

[Event " "]
[Site "Reims"]
[Date "18.??.??"]
[Round "9.3"]
[White "Claverie, Christophe"]
[Black "Elbilia, Jacques"]
[Result "1/2-1/2"]
[WhiteElo "2328"]
[BlackElo "2356"]
[PlyCount "30"]
[EventDate "18.??.??"]
[WhiteTeam "Besançon T.P.G."]
[BlackTeam "Vincennes"]

1. d4 d6 2. Nf3 Nf6 3. g3 Nbd7 4. c4 e5 5. Nc3 Be7 6. Bg2 O-O 7. O-O c6 8. e4
Re8 9. h3 Bf8 10. Re1 a6 11. a3 b5 12. cxb5 cxb5 13. Be3 Bb7 14. d5 Nc5 15. Nh4
g6 1/2-1/2

[Event " "]
[Site "Reims"]
[Date "18.??.??"]
[Round "9.4"]
[White "Rabeyrin, Jean-Jacques"]
[Black "Sermier, Guillaume"]
[Result "1/2-1/2"]
[WhiteElo "2283"]
[BlackElo "2366"]
[PlyCount "95"]
[EventDate "18.??.??"]
[WhiteTeam "Vincennes"]

1. e4 c5 2. Nf3 d6 3. d4 cxd4 4. Nxd4 Nf6 5. Nc3 a6 6. Bg5 $11 e6 7. f4 Qc7 8.
Qf3 b5 9. Bd3 Nbd7 10. g4 Bb7 11. O-O-O Be7 12. Nce2 Nc5 13. Bxf6 Bxf6 14. g5
Be7 15. h4 O-O-O 16. Qe3 g6 17. Kb1 Kb8 18. Rhf1 h6 19. f5 hxg5 20. hxg5 e5 21.
Nb3 d5 22. exd5 Nxd3 23. cxd3 Rxd5 24. Nc3 Rd7 25. f6 Bb4 26. Ne4 Rhd8 27. Nec5
Bxc5 28. Nxc5 Rd5 29. Rc1 Qd6 30. Rc3 Rd4 31. Re1 Re8 32. Rec1 Rd8 33. Nxb7
Kxb7 34. Qf3+ Rd5 35. a3 Rd7 36. Qe4 Qb6 37. Rc8 Qd4 38. Re8 Qxd3+ 39. Qxd3
Rxd3 40. Rxe5 R3d5 41. Rce1 Rxe5 42. Rxe5 Kc6 43. Kc2 Rd5 44. Re7 Rxg5 45. Rxf7
Rf5 46. Ra7 Kb6 47. Rf7 Kc6 48. Ra7 1/2-1/2

[Event " "]
[Site "Reims"]
[Date "18.??.??"]
[Round "9.5"]
[White "Naudier, Serge"]
[Black "Peyrat, Olivier"]
[Result "1-0"]
[WhiteElo "2268"]
[BlackElo "2260"]
[PlyCount "153"]
[EventDate "18.??.??"]
[WhiteTeam "Besançon T.P.G."]
[BlackTeam "Vincennes"]

1. e4 c5 2. Nf3 e6 3. d4 cxd4 4. Nxd4 a6 5. Bd3 Bc5 6. Nb3 Ba7 7. Qe2 Nc6 8.
Be3 d6 9. Bxa7 Rxa7 10. N1d2 Nf6 11. a4 b6 12. O-O O-O 13. f4 e5 14. c3 Re8 15.
Qf3 exf4 16. Qxf4 Ne5 17. Bc2 Rae7 18. Nd4 Qc7 19. Qg3 Ng6 20. Nf5 Bxf5 21.
Rxf5 Re5 22. Raf1 Rxf5 23. Rxf5 Re5 24. Qf2 Rxf5 25. exf5 Ne5 26. Qd4 a5 27.
Bb3 Qc5 28. Bc2 Qc7 29. h3 Kf8 30. g4 h6 31. Bb3 Ke7 32. Kf2 Qc6 33. Nc4 Qf3+
34. Ke1 Qh1+ 35. Ke2 Qf3+ 36. Kd2 Ne4+ 37. Kc1 Nd3+ 38. Kb1 Qf1+ 39. Ka2 Ndc5
40. Bc2 Qe1 41. Nxb6 Qe2 42. Bxe4 Nxe4 43. Nd5+ Kf8 44. Qb6 Kg8 45. Qb5 Qc2 46.
Qxa5 Nd2 47. Qb5 Qb1+ 48. Ka3 Qa1+ 49. Kb4 Qxb2+ 50. Ka5 Nb3+ 51. Kb6 Kh7 52.
a5 Qf2+ 53. Kc6 Nc5 54. a6 Nxa6 55. Kxd6 Qa7 56. c4 Qa8 57. Qb6 h5 58. c5 hxg4
59. hxg4 Qf8+ 60. Ne7 Nxc5 61. Qxc5 Qd8+ 62. Ke5 Qb8+ 63. Qd6 Qb2+ 64. Qd4 Qh2+
65. Kd5 Qa2+ 66. Kd6 Qh2+ 67. Kd7 Qh4 68. Ke8 f6 69. Qd5 Kh6 70. Qf7 Qxg4 71.
Qg6+ Qxg6+ 72. Nxg6 Kg5 73. Ne7 Kh6 74. Kf7 Kh7 75. Ng8 Kh8 76. Nxf6 g5 77. Ng4
1-0

[Event " "]
[Site "Reims"]
[Date "18.??.??"]
[Round "9.6"]
[White "Schabanel, Stephane"]
[Black "Frederic, Clement"]
[Result "0-1"]
[WhiteElo "2288"]
[BlackElo "2242"]
[PlyCount "94"]
[EventDate "18.??.??"]
[WhiteTeam "Vincennes"]

1. e4 e6 2. Nc3 d5 3. Nf3 Nf6 4. e5 Nfd7 5. d4 c5 6. dxc5 Nc6 7. Bf4 Nxc5 8.
Bd3 Be7 9. h4 Qb6 10. Rb1 Bd7 11. O-O h6 12. h5 a6 13. Re1 Nxd3 14. cxd3 Rc8
15. Qd2 Nd4 16. Qe3 $11 Bc5 17. Nxd4 Bxd4 18. Qg3 Kf8 19. Be3 Bxe3 20. fxe3 d4
21. exd4 Qxd4+ 22. Kh2 Bc6 23. Rf1 Rd8 24. Rbd1 Rg8 25. Rf4 Qb6 26. Rdf1 Rd7
27. d4 Ke8 28. Qg4 Qxb2 29. Qg3 Qa3 30. Qf2 Rf8 31. Nd1 Bd5 32. Ne3 Qxa2 33.
Qg3 Qb3 34. Re1 Bc6 35. d5 Rxd5 36. Nxd5 Qxg3+ 37. Kxg3 exd5 38. Kf2 Ke7 39.
Ke3 a5 40. g4 Ke6 41. Kd4 Rc8 42. Rf3 a4 43. Rc3 Ra8 44. Ra1 Ra5 45. Rc2 Rb5
46. Rxa4 Rb1 47. Raa2 Rb4+ 0-1

[Event " "]
[Site "Reims"]
[Date "18.??.??"]
[Round "9.7"]
[White "Sermier, Alain"]
[Black "Fayard, Alain"]
[Result "0-1"]
[WhiteElo "2121"]
[BlackElo "2257"]
[PlyCount "114"]
[EventDate "18.??.??"]
[WhiteTeam "Besançon T.P.G."]
[BlackTeam "Vincennes"]

1. f4 Nf6 2. Nf3 c5 3. e3 g6 4. b3 Bg7 5. Bb2 O-O 6. Be2 d6 7. O-O b6 8. a4 Bb7
9. Na3 Nc6 10. d3 a6 11. Qc1 Qc7 12. Re1 e5 13. fxe5 dxe5 14. e4 Ng4 15. Bc3 b5
16. Ng5 b4 17. Bd2 Nf6 18. Nc4 Nd4 19. Nf3 Nxe2+ 20. Rxe2 Nh5 21. Rf2 f5 22.
Qe1 f4 23. a5 Bf6 24. Qe2 Ng7 25. c3 g5 26. cxb4 g4 27. Ne1 h5 28. Rf1 Ne6 29.
Bc3 cxb4 30. Bxb4 Nd4 31. Qb2 Be7 32. Qa3 Nb5 33. Qa4 Bc5+ 34. Kh1 Rf6 35. Ra2
Raf8 36. Bxc5 Qxc5 37. b4 Qe7 38. Qb3 Nd4 39. Qb2 f3 40. gxf3 gxf3 41. Qf2 Kh7
42. Ne3 Rg6 43. N3c2 Nxc2 44. Rxc2 Bc8 45. Nxf3 Bh3 46. Rcc1 Bxf1 47. Rxf1 Rfg8
48. Nh4 Rg4 49. Nf5 Qg5 50. h4 Qf6 51. Kh2 Qg6 52. Kh1 Rg2 53. Qf3 Rg1+ 54. Kh2
Qg2+ 55. Qxg2 R8xg2+ 56. Kh3 Rxf1 57. Kxg2 Rb1 0-1

[Event " "]
[Site "Reims"]
[Date "18.??.??"]
[Round "9.8"]
[White "Descroix, Claire"]
[Black "Hisleur, Gaelle"]
[Result "0-1"]
[WhiteElo "1620"]
[BlackElo "1939"]
[PlyCount "81"]
[EventDate "18.??.??"]
[WhiteTeam "Vincennes"]

1. e4 e6 2. d4 d5 3. exd5 exd5 4. Bb5+ c6 5. Bd3 Bd6 6. h3 Ne7 7. Nf3 Bf5 8.
Bg5 Bxd3 9. Qxd3 f6 10. Be3 O-O 11. O-O Na6 12. a3 Nc7 13. Nbd2 Ne6 14. Nh2 Qc7
15. Ndf3 Nf4 16. Qd2 Rfe8 17. Rae1 Nf5 18. c3 Re4 19. Ng4 Rae8 20. Kh1 Qf7 21.
Qc1 Nd3 22. Qd2 Nxe1 23. Rxe1 Qh5 24. Kg1 Qf7 25. Ngh2 Qe7 26. Nf1 Nxe3 27.
Nxe3 Bf4 28. Kh1 Bxe3 29. fxe3 Rxe3 30. Rg1 Qe4 31. Qd1 Re2 32. Qb3 Re7 33. Rf1
Qc2 34. Qxc2 Rxc2 35. Rb1 Ree2 36. Ne1 Rxb2 37. Rxb2 Rxb2 38. Kg1 Rb3 39. Kf1
Rxa3 40. c4 dxc4 41. Nc2 0-1

[Event " "]
[Site "Lyon Olympique Echecs"]
[Date "31.??.??"]
[Round "10.1"]
[White "Anic, Darko"]
[Black "Fedorchuk, Sergey A"]
[Result "0-1"]
[WhiteElo "2450"]
[BlackElo "2603"]
[PlyCount "100"]
[EventDate "31.??.??"]
[WhiteTeam "Cannes II"]
[BlackTeam "Vincennes"]

1. Nf3 Nf6 2. c4 e6 3. g3 a6 4. Bg2 b5 5. b3 Bb7 6. O-O c5 7. Bb2 Be7 8. d3 O-O
9. Nbd2 d6 10. Re1 Nbd7 11. e4 Rb8 12. Rc1 Ba8 13. Rc2 Ng4 14. Qe2 Bf6 15. d4
cxd4 16. Nxd4 Qb6 17. Qxg4 Bxd4 18. Bxd4 Qxd4 19. Nf3 Qc5 20. Qf4 Rbc8 21. Rcc1
Qa3 22. cxb5 axb5 23. Rxc8 Rxc8 24. Qd2 h6 25. Nd4 Qc5 26. Ne2 Qe5 27. Rd1 Bxe4
28. Qxd6 Qxd6 29. Rxd6 Nf6 30. Bxe4 Nxe4 31. Rd4 Ng5 32. Rb4 Rc2 33. Kf1 Nf3
34. h3 Rxa2 35. Rxb5 g5 36. Nc3 Rb2 37. Rb8+ Kg7 38. b4 h5 39. b5 Rb3 40. Rc8
f5 41. Rc6 Kf6 42. Rc5 Ke7 43. g4 hxg4 44. hxg4 Nh2+ 45. Ke2 Nxg4 46. f3 Ne5
47. Rc8 Kd7 48. Rc5 Rb2+ 49. Ke3 Kd6 50. Rc8 f4+ 0-1

[Event " "]
[Site "Lyon Olympique Echecs"]
[Date "31.??.??"]
[Round "10.2"]
[White "Velikov, Petar"]
[Black "Sanchez, Joseph"]
[Result "0-1"]
[WhiteElo "2448"]
[BlackElo "2497"]
[PlyCount "60"]
[EventDate "31.??.??"]
[WhiteTeam "Vincennes"]

1. Nf3 d5 2. g3 c6 3. Bg2 Nf6 4. O-O Bg4 5. d3 Nbd7 6. Nbd2 e5 7. e4 dxe4 8.
dxe4 Bc5 9. h3 Bh5 10. Qe1 O-O 11. Nc4 Re8 12. a4 Qc7 13. Bd2 b5 14. Na5 Nb6
15. axb5 cxb5 16. b3 Rac8 17. Ra2 Nfd7 18. Nh4 f6 19. Nf5 Bf8 20. Qe3 Bf7 21.
Rd1 Red8 22. h4 Nc5 23. Rda1 Ne6 24. Bh3 Rd7 25. Qe2 Rcd8 26. Be3 g6 27. Nh6+
Bxh6 28. Bxe6 Bxe6 29. Bxh6 Qc3 30. Kg2 g5 0-1